00500nam a2200205Ia 4500008004100000020001800041100001600059245003400075245001600109260001500125260002000140260000900160300002300169300001100192440003300203440001100236650002100247650001800268700000800286160803s9999 xx 000 0 und d a9780545035187 aStine, R.L  aHow I got my shrunken head /  cR.L. Stine. aNew York : bScholastic Inc. c1996 a119, [13] pages ;  c20 cm. aGoosebumps original series ; vbk. 9. aFantasy fiction. aHorror tales. a450